000 00796nam a2200229Ia 4500
003 GCL
008 140319s9999 xx 000 0 ara d
040 _aGCL /
_cGCL
082 0 4 _a810.9
_bح ت
100 1 _aحسن البندارى
245 1 0 _aتجليات الابداع الادبى :
_bدراسات فى الشعر والقصة والمسرحية /
_cحسن البندارى
250 _aالاولى
260 _aالقاهرة :
_bمكتبة الاداب ،
_c2002
300 _a269 ص ؛
_c24 سم
490 _a
650 0 4 _aالادب العربى
650 0 4 _aالابداع الادبى والفنى
650 0 4 _aالقصة - تاريخ ونقد
650 0 4 _aالشعر - تاريخ ونقد
650 0 4 _aالمسرحية - تاريخ ونقد
942 _2ddc
_cBK
999 _c55306
_d55306